000 00579nam a2200229Ia 4500
005 20250505124850.0
008 008 250505s9999 xx 000 0 eng d
037 _aReference
040 _aLCO
_beng
_cLCO
041 _aeng
_2eng
084 _aV2:2:(Z) R3
_qLCO
100 _aJain, M.P.
245 0 _aIndian Constitutional Law
_c M.P. Jain
250 _a8th
260 _aHaryana, India
_bLexisNexis
_c2023
300 _a1701
365 _aINR
_b5995
490 _vVol. 1
650 _aLaw
942 _cREF
_hV2:2:(Z) R3
999 _c1310436
_d1310436